Posolstvo svätého otca Benedikta XVI. k svetovému dňu pokoja ; Posolstvo svätého otca Benedikta XVI. k svetovému dňu migrantov a utečencov ; Posolstvo svätého otca Benedikta XVI. k 16. svetovému dňu chorých ; Posolstvo svätého otca Benedikta XVI. na pôstne obdobie

Bibliographic Details
Main Author: Benedikt XVI., pápež, 1927-2022 (Author)
Other Authors: Spišiaková, Mária, 1962- (Translator)
Format: Book
Language:Slovak
Italian
PhysicalDescription:39 s. 20 cm
Published: Trnava Spolok svätého Vojtecha 2008
ISBN:9788071626992
Edition:1. vyd.
Series:Pápežské dokumenty
Subjects:

MARC

LEADER 00000nam a2200000 a 4500
001 vtls009311742
003 SK-MaSNL
005 20260301081721.0
008 251029s2008 xo d 000 0 slo
015 |a SNBA2008/11-05016 
020 |a 9788071626992  |q (brož.) 
035 |a 244E3705-F761-4734-BDE3-55513D246F75 
035 |a urn:nbn:sk:snk-amjexi 
035 |a urn:nbn:sk:snk-am00112d 
040 |a SNK  |b slo  |c SNK  |e AACR2 
041 1 |a slo  |h ita 
044 |a xo  |c SK 
072 7 |a 27  |x Kresťanstvo. Kresťanská cirkev všeobecne. Ekleziológia  |2 konspekt 
080 |a 172.4  |2 2001 
080 |a 314.745.3-054.73  |2 2001 
080 |a 314.15-026.44  |2 2001 
080 |a 616-052  |2 2001 
080 |a 2-185.2  |2 2001 
080 |a 27-565.4  |2 2001 
080 |a 272-1/-9  |2 2001 
080 |a (093.2)  |2 2001 
080 |a 27-42  |2 2001 
100 0 |a Benedikt  |b XVI.,  |c pápež,  |d 1927-2022  |4 aut  |9 100181 
245 1 0 |a Posolstvo svätého otca Benedikta XVI. k svetovému dňu pokoja ; Posolstvo svätého otca Benedikta XVI. k svetovému dňu migrantov a utečencov ; Posolstvo svätého otca Benedikta XVI. k 16. svetovému dňu chorých ; Posolstvo svätého otca Benedikta XVI. na pôstne obdobie  |c [preložila Mária Spišiaková] 
250 |a 1. vyd. 
260 |a Trnava  |b Spolok svätého Vojtecha  |c 2008 
300 |a 39 s.  |c 20 cm 
490 1 |a Pápežské dokumenty  |v 72. zv. 
500 |a Dokument obsahuje 4 diela 
500 |a Názov z obalu 
500 |a Pravdepodobne preložené z tal. 
504 |a Pozn. 
650 0 7 |a mier  |2 SNKPH  |9 1720 
650 0 7 |a utečenci  |2 SNKPH  |9 993 
650 0 7 |a emigrácia a imigrácia  |2 SNKPH  |9 3821 
650 0 7 |a chorí  |2 SNKPH  |9 2537 
650 0 7 |a utrpenie  |2 SNKPH  |9 2163 
650 0 7 |a pôstne obdobie  |2 SNKPH  |9 69335 
650 0 7 |a učenie katolíckej cirkvi  |2 SNKPH  |9 64342 
650 0 7 |a kresťanská etika  |2 SNKPH  |9 30117 
655 7 |a pápežské listy  |2 SNKPH  |9 70596 
700 1 |a Spišiaková, Mária,  |d 1962-  |4 trl  |9 190631 
740 0 2 |a Posolstvo svätého otca Benedikta XVI. k svetovému dňu migrantov a utečencov 
740 0 2 |a Posolstvo svätého otca Benedikta XVI. k 16. svetovému dňu chorých 
740 0 2 |a Posolstvo svätého otca Benedikta XVI. na pôstne obdobie 
830 0 |a Pápežské dokumenty  |9 277782 
919 |a 978-80-7162-699-2 
958 |a OP 
958 |a NT 
968 |b IT  |d 2 
999 |c 656614  |d 658544 
952 |a SNK  |b SNK  |y PREZ  |7 0  |p 17A0593478  |o snkSD 77868  |i snk2008/14142  |8 0  |0 0  |1 0  |4 0  |d 2008-07-14  |l 0  |r 2025-11-25 00:00:00  |w 2026-02-23 
952 |a SNK  |b SNK  |y VYP  |7 0  |p 17A0593477  |o snkSD 77868 D1  |i snk2008/14143  |8 0  |0 0  |1 0  |4 0  |d 2008-07-14  |f 1  |l 0  |r 2017-06-30 00:00:00  |w 2026-02-23